| 000 | 01290cam a22002054a 4500 | ||
|---|---|---|---|
| 005 | 20250605164148.0 | ||
| 008 | 250528s ||||||||||||||||||||||||d | ||
| 035 | _a19267 | ||
| 020 | _a9607093526 | ||
| 040 |
_aGR-AtMCL _bgre _dGR-AtMCL _eAACR2 |
||
| 245 | 1 | _aΚοινωνικοοικονομικές Ανισότητες στον Τομέα της Στεγάσης / Μεγάλα Αστικά Κέντρα της Ελλάδας - Τυπολογία Νοικοκυριών | |
| 250 | _a1η | ||
| 260 |
_bΕθνικό Κέντρο Κοινωνικών Ερευνών, _c1997 |
||
| 300 | _a512 | ||
| 520 | _aΘεωρητικό Πλαίσιο του Ερευνητικού Αντικειμένου, Οικογένεια Υψηλόμισθου με Ανώτατη Εκπαίδευση, Νέος Εργαζόμενος και Χαμηλόμισθος, Γυναικεία Νοικοκυριά με Απασχόληση τα Οικιακά, Οικογένεια Εργάτη και Υπαλλήλου, Οικογένεια Αυτοαπασχολούμενου, Φοιτητές, Ηλικιωμένες και Μοναχικές Γυναίκες, Βιβλιογραφία. | ||
| 700 | 1 |
_aΚουβέλη Αναστασία _95493 |
|
| 942 | _cBK | ||
| 999 |
_c4532 _d4532 |
||